| 000 | 00893nam a22002177a 4500 | ||
|---|---|---|---|
| 005 | 20240530110528.0 | ||
| 008 | 160310s199؟ ua g b 000 0 ara d | ||
| 040 | _aEG-CaGPL | ||
| 082 | 0 | 4 |
_221 _a616.89142\ _bس ت |
| 100 | 0 | _aسامية شويعل | |
| 245 | 1 | 2 |
_aالتدخل العلاجى فى قياس و تعديل سلوك الاطفال المتخلفين عقليا / _cسامية شويعل |
| 260 |
_aالقاهرة : _bالمكتبة العصرية للنشر و التوزيع _c[ 199- ] . |
||
| 300 |
_a302 ص ؛ _c24 سم . |
||
| 504 | _aيشتمل على ارجاعات ببليوجرافية | ||
| 650 | 0 | 4 | _aالعلاج السلوكى |
| 650 | 0 | 4 |
_aالاطفال _xرعاية و علاج |
| 650 | 0 | 4 | _aالعلاج النفسى |
| 650 | 0 | 4 |
_aالمتخلفون عقليا _xرعاية و علاج |
| 942 |
_2ddc _cBK |
||
| 999 |
_c62038 _d62038 |
||